Jesus iWitness / (Record no. 6781)

MARC details
000 -LEADER
fixed length control field 01275nam a22002297a 4500
001 - CONTROL NUMBER
control field 6781
003 - CONTROL NUMBER IDENTIFIER
control field FISKH
005 - DATE AND TIME OF LATEST TRANSACTION
control field 20250930080401.0
008 - FIXED-LENGTH DATA ELEMENTS--GENERAL INFORMATION
fixed length control field 250528b cb ||||| |||| 00| 0 eng d
020 ## - INTERNATIONAL STANDARD BOOK NUMBER
International Standard Book Number 9780805495850
040 ## - CATALOGING SOURCE
Original cataloging agency FISKH
Language of cataloging eng
Transcribing agency FISKH
Modifying agency FISKH
050 ## - LIBRARY OF CONGRESS CALL NUMBER
Classification number BT205.P69
082 ## - DEWEY DECIMAL CLASSIFICATION NUMBER
Classification number 232
100 ## - MAIN ENTRY--PERSONAL NAME
Personal name Powell, Doug
245 ## - TITLE STATEMENT
Title Jesus iWitness /
Statement of responsibility, etc. Written and designed by Doug Powell
260 ## - PUBLICATION, DISTRIBUTION, ETC.
Place of publication, distribution, etc. Nashville :
Name of publisher, distributor, etc. B&H Publishing Group ,
Date of publication, distribution, etc. 2012.
300 ## - PHYSICAL DESCRIPTION
Extent 32 unnumbered pages :
Other physical details color illustrations ;
Dimensions 31 cm .
520 ## - SUMMARY, ETC.
Summary, etc. Comparable in style to the best-selling Ologies children's fantasy book series, Jesus iWitness takes you on a visually immersive, interactive tour of his earthly life using vintage photographs of the Holy Land along with richly colored historical paintings. Across 32 intensively designed pages (16 spreads acting as indi- vidual chapters) -- each containing information that is physically nested and must be actively opened to discover -- readers witness the reality of the events, places, and people in the life of Christ. It's a fresh and compelling way for anyone 12 or older to let the Word of God speak through pictures into their own lives.
650 ## - SUBJECT ADDED ENTRY--TOPICAL TERM
Topical term or geographic name entry element Biography
Form subdivision Non-fiction
942 ## - ADDED ENTRY ELEMENTS (KOHA)
Source of classification or shelving scheme Dewey Decimal Classification
Koha item type Books
Suppress in OPAC No
Holdings
Withdrawn status Lost status Source of classification or shelving scheme Damaged status Not for loan Collection Home library Current library Shelving location Date acquired Total Checkouts Full call number Barcode Date last seen Copy number Price effective from Koha item type
    Dewey Decimal Classification     Non-Fiction Footprints International School Library Network Toul Kork Campus Footprints International School Library Network Toul Kork Campus A TK Campus, 4th Floor, Room B401, Non-Fiction Bookcases(7-8) 09/30/2025   POW 232 BT205.P69 2025-4432 09/30/2025 3 09/30/2025 Books
    Dewey Decimal Classification     Non-Fiction Footprints International School Library Network Toul Kork Campus Footprints International School Library Network Toul Kork Campus A TK Campus, 4th Floor, Room B401, Non-Fiction Bookcases(7-8) 09/30/2025   POW 232 BT205.P69 2025-4433 09/30/2025 4 09/30/2025 Books
    Dewey Decimal Classification     Non-Fiction Footprints International School Library Network Toul Kork Campus Footprints International School Library Network Toul Kork Campus A TK Campus, 4th Floor, Room B401, Non-Fiction Bookcases(7-8) 09/30/2025   POW 232 BT205.P69 2025-4434 09/30/2025 5 09/30/2025 Books
    Dewey Decimal Classification     Non-Fiction Footprints International School Library Network Toul Tom Poung Campus Footprints International School Library Network Toul Tom Poung Campus TTP Secondary Non-Fiction Bookshelves 05/28/2025   POW 232 BT205.P69 2025-1415 05/28/2025 1 05/28/2025 Books
    Dewey Decimal Classification     Non-Fiction Footprints International School Library Network Toul Tom Poung Campus Footprints International School Library Network Toul Tom Poung Campus TTP Secondary Non-Fiction Bookshelves 05/28/2025   POW 232 BT205.P69 2025-1417 05/28/2025 2 05/28/2025 Books